[Event "13th Biel Festival"]
[Site "Biel SUI"]
[Date "1980.07.19"]
[Round "1"]
[White "Cuartas Bedoya, Carlos Enrique"]
[Black "Hoelzl, Franz"]
[Result "1/2-1/2"]
[WhiteElo "2420"]
[BlackElo "2415"]
[EventDate "1980.07.19"]
[PlyCount "65"]

1.e4 c5 2.Nf3 Nc6 3.d4 cxd4 4.Nxd4 Nf6 5.Nc3 e5 6.Ndb5 d6 7.Bg5 a6 8.Na3 
b5 9.Nd5 Be7 10.Bxf6 Bxf6 11.c3 Ne7 12.Nc2 Nxd5 13.Qxd5 Rb8 14.Nb4 O-O 15.
Qd3 Qd7 16.Be2 a5 17.Nd5 Bd8 18.Ne3 Bb6 19.Bg4 Qa7 20.Bxc8 Bxe3 21.fxe3 
Rfxc8 22.O-O Qc5 23.Rad1 Rb6 24.Rf2 Kf8 25.Qe2 Rc7 26.a3 b4 27.Rd5 Qc6 28.
axb4 axb4 29.cxb4 Rxb4 30.Qd3 Ke7 31.Rd2 Rxb2 32.Rxd6 Rxd2 33.Rxc6 1/2-1/2

[Event "13th Biel Festival"]
[Site "Biel SUI"]
[Date "1980.07.19"]
[Round "1"]
[White "Liberzon, Vladimir"]
[Black "Pachman, Ludek"]
[Result "1/2-1/2"]
[WhiteElo "2545"]
[BlackElo "2510"]
[EventDate "1980.07.19"]
[PlyCount "99"]

1.e4 e5 2.Nf3 Nc6 3.Bb5 Nf6 4.O-O Nxe4 5.d4 Be7 6.Qe2 Nd6 7.Bxc6 bxc6 8.
dxe5 Nb7 9.c4 O-O 10.Nc3 f6 11.Re1 fxe5 12.Nxe5 Bf6 13.Bf4 Nc5 14.Bg3 Bxe5
15.Bxe5 d6 16.Bd4 Ne6 17.Rad1 Nxd4 18.Rxd4 Qf6 19.Re4 Bd7 20.f3 Rfe8 21.
Qd2 Rxe4 22.Nxe4 Qe5 23.Qc3 Re8 24.Qxe5 Rxe5 25.Kf2 Bf5 26.Nc3 Rxe1 27.
Kxe1 Be6 28.b3 Kf7 29.Kd2 Ke7 30.Ke3 c5 31.g4 c6 32.Ke4 g5 33.f4 Bxg4 34.
fxg5 Ke6 35.h4 Bh5 36.Kf4 d5 37.Nb1 a5 38.Nd2 Be2 39.Ke3 Bh5 40.Kf4 Bg6 
41.a3 Bh5 42.Nb1 Bd1 43.Nd2 Be2 44.Nb1 a4 45.Ke3 Bd1 46.bxa4 Bxa4 47.Kf4 
Bb3 48.Nd2 Bd1 49.Nb1 Be2 50.Nd2 1/2-1/2

[Event "13th Biel Festival"]
[Site "Biel SUI"]
[Date "1980.07.20"]
[Round "2"]
[White "Gruenfeld, Yehuda"]
[Black "Cuartas Bedoya, Carlos Enrique"]
[Result "1/2-1/2"]
[WhiteElo "2455"]
[BlackElo "2420"]
[EventDate "1980.07.19"]
[PlyCount "92"]

1.e4 c6 2.d4 d5 3.Nc3 g6 4.Nf3 Bg7 5.h3 Nh6 6.Bf4 f6 7.exd5 cxd5 8.Nb5 Na6
9.c4 Nf7 10.cxd5 Qxd5 11.Nc3 Qf5 12.Be3 Nc7 13.d5 O-O 14.Bc4 Rd8 15.O-O 
Nd6 16.Bb3 Qh5 17.Re1 Bf8 18.Rc1 Nce8 19.Ne2 g5 20.Ng3 Qg6 21.Nd4 Ng7 22.
f4 gxf4 23.Bxf4 Bd7 24.Qf3 Rac8 25.Nc6 bxc6 26.Bxd6 Bxh3 27.Bxe7 Bxe7 28.
d6+ Kh8 29.dxe7 Rd3 30.Re3 Rxe3 31.Qxe3 Nf5 32.Qe4 Re8 33.Nxf5 Bxf5 34.Qe2
Be4 35.Bf7 Qxf7 36.Qxe4 Qxe7 37.Qxe7 Rxe7 38.Rxc6 Re2 39.Ra6 Rxb2 40.Rxa7 
f5 41.g3 Kg8 42.a4 Ra2 43.a5 h5 44.a6 Kf8 45.Kf1 Kg8 46.Ke1 Kh8 1/2-1/2

[Event "13th Biel Festival"]
[Site "Biel SUI"]
[Date "1980.07.20"]
[Round "2"]
[White "Hoelzl, Franz"]
[Black "Sahovic, Dragutin"]
[Result "1-0"]
[WhiteElo "2415"]
[BlackElo "2485"]
[EventDate "1980.07.19"]
[PlyCount "83"]

1.d4 Nf6 2.c4 g6 3.Nc3 Bg7 4.e4 d6 5.f3 O-O 6.Be3 b6 7.Qd2 c5 8.d5 e6 9.
Bg5 exd5 10.Nxd5 Be6 11.Ne2 Bxd5 12.exd5 Re8 13.O-O-O Nbd7 14.Nc3 a6 15.
Be2 Qc7 16.Rhe1 b5 17.cxb5 c4 18.Bf1 Reb8 19.Re7 Qd8 20.Rde1 axb5 21.Qf4 
h6 22.Rxd7 Qxd7 23.Bxf6 Bxf6 24.Qxf6 b4 25.Re7 Qf5 26.Qxf5 gxf5 27.Nb1 c3 
28.Bc4 Rc8 29.Bb3 cxb2+ 30.Kxb2 Re8 31.Rxe8+ Rxe8 32.Bc4 Re3 33.Kc2 Kg7 
34.Kd2 f4 35.Kd1 Kf6 36.Nd2 Ke5 37.Bb3 Kd4 38.Nc4 Re8 39.Nxd6 Rg8 40.Nxf7 
Rxg2 41.d6 Ke3 42.Be6 1-0

[Event "13th Biel Festival"]
[Site "Biel SUI"]
[Date "1980.07.20"]
[Round "2"]
[White "Wirthensohn, Heinz"]
[Black "Pachman, Ludek"]
[Result "1/2-1/2"]
[WhiteElo "2425"]
[BlackElo "2510"]
[EventDate "1980.07.19"]
[PlyCount "46"]

1.c4 Nf6 2.Nc3 e6 3.Nf3 Bb4 4.Qc2 O-O 5.a3 Bxc3 6.Qxc3 c5 7.g3 b6 8.Bg2 
Bb7 9.O-O d5 10.d3 Nbd7 11.b3 Re8 12.e3 Rc8 13.Bb2 Rc7 14.Rac1 Qa8 15.cxd5
Bxd5 16.e4 Bb7 17.Nh4 Qd8 18.f4 Nb8 19.Nf3 Nc6 20.b4 Rd7 21.Rfd1 Nd4 22.
Nxd4 cxd4 23.Qb3 Ng4 1/2-1/2

[Event "13th Biel Festival"]
[Site "Biel SUI"]
[Date "1980.07.21"]
[Round "3"]
[White "Sahovic, Dragutin"]
[Black "Gruenfeld, Yehuda"]
[Result "1/2-1/2"]
[WhiteElo "2485"]
[BlackElo "2455"]
[EventDate "1980.07.19"]
[PlyCount "42"]

1.d4 Nf6 2.Nc3 d5 3.Bg5 c5 4.e3 Nc6 5.Nf3 Bg4 6.dxc5 e6 7.h3 Bh5 8.Be2 
Bxc5 9.O-O O-O 10.Ne1 Bxe2 11.Qxe2 Be7 12.Nd3 Ne4 13.Bxe7 Nxc3 14.Qe1 Qxe7
15.Qxc3 Rac8 16.Qd2 Qc7 17.c3 Na5 18.Qe2 Nc4 19.Rfd1 Nd6 20.Ne1 Rfd8 21.
Nf3 a6 1/2-1/2

[Event "13th Biel Festival"]
[Site "Biel SUI"]
[Date "1980.07.21"]
[Round "3"]
[White "Toth, Bela"]
[Black "Wirthensohn, Heinz"]
[Result "1/2-1/2"]
[WhiteElo "2390"]
[BlackElo "2425"]
[EventDate "1980.07.19"]
[PlyCount "74"]

1.d4 Nf6 2.c4 e6 3.Nf3 Bb4+ 4.Bd2 c5 5.Bxb4 cxb4 6.e3 O-O 7.Bd3 d6 8.O-O 
Nbd7 9.a3 e5 10.Bc2 bxa3 11.Rxa3 b6 12.Nc3 Bb7 13.d5 a5 14.Ba4 Nc5 15.Bb5 
Ba6 16.Nd2 Bxb5 17.Nxb5 Qd7 18.Nb1 Ne8 19.N1c3 Nc7 20.Qc2 Nxb5 21.Nxb5 f5 
22.f4 exf4 23.exf4 Rfe8 24.Raa1 Rac8 25.Rae1 Rxe1 26.Rxe1 Re8 27.Rxe8+ 
Qxe8 28.Qf2 Qe7 29.h3 g6 30.Kh2 h5 31.Qd2 h4 32.Qf2 a4 33.Nc3 Kf7 34.Qd2 
Ne4 35.Qe3 Nxc3 36.Qxc3 Qe4 37.Qc1 Qd4 1/2-1/2

[Event "13th Biel Festival"]
[Site "Biel SUI"]
[Date "1980.07.23"]
[Round "4"]
[White "Hoelzl, Franz"]
[Black "Liberzon, Vladimir"]
[Result "1/2-1/2"]
[WhiteElo "2415"]
[BlackElo "2545"]
[EventDate "1980.07.19"]
[PlyCount "130"]

1.c4 e5 2.Nc3 Nc6 3.Nf3 f5 4.d4 e4 5.Bg5 Be7 6.Bxe7 Qxe7 7.Ng1 Nf6 8.e3 
O-O 9.Nge2 d6 10.h4 Nd8 11.Nf4 c6 12.g3 Nf7 13.Qb3 Kh8 14.Be2 Nh6 15.Kf1 
Bd7 16.Kg2 Be8 17.Rad1 Bf7 18.Qa3 Nhg4 19.Rd2 Rfd8 20.d5 c5 21.b4 cxb4 22.
Qxb4 Ne5 23.Nb5 Nf3 24.Rb2 Rd7 25.Rd1 a6 26.Nd4 Nxd4 27.Rxd4 Rc7 28.Qb6 
Rac8 29.c5 dxc5 30.d6 Qd7 31.Rdd2 Rc6 32.Qxb7 c4 33.Qxd7 Nxd7 34.Rb7 c3 
35.Rxd7 cxd2 36.Rxf7 Rxd6 37.Bd1 Kg8 38.Rxf5 g6 39.Re5 Rc1 40.Bb3+ Kg7 41.
Re7+ Kf8 42.Rf7+ Ke8 43.Rxh7 d1=Q 44.Bxd1 Rcxd1 45.h5 gxh5 46.Rxh5 Ra1 47.
Re5+ Kf7 48.Rxe4 Rxa2 49.g4 Rdd2 50.Nh3 a5 51.g5 a4 52.Kf3 Ra1 53.Nf4 Raa2
54.g6+ Kf8 55.Ne6+ Kg8 56.Kg4 Rxf2 57.Nf4 Kf8 58.Kg5 Rfb2 59.Re6 Rb8 60.
Ra6 a3 61.Ra7 Kg8 62.e4 Rb5+ 63.Kf6 Rb6+ 64.Kf5 Rb5+ 65.e5 Rf2 1/2-1/2

[Event "13th Biel Festival"]
[Site "Biel SUI"]
[Date "1980.07.23"]
[Round "4"]
[White "Shamkovich, Leonid"]
[Black "Sahovic, Dragutin"]
[Result "1/2-1/2"]
[WhiteElo "2515"]
[BlackElo "2485"]
[EventDate "1980.07.19"]
[PlyCount "43"]

1.e4 b6 2.d4 Bb7 3.Nc3 e6 4.a3 Nf6 5.d5 Be7 6.Nf3 O-O 7.Bc4 exd5 8.exd5 
Ne8 9.O-O Nd6 10.Bd3 Na6 11.Nd4 Nc5 12.Be2 f5 13.Bf3 Bf6 14.g3 Re8 15.Nde2
Ba6 16.Re1 Nce4 17.Nxe4 Nxe4 18.c3 Qe7 19.Be3 Qf7 20.Nf4 c5 21.Qc2 g6 22.
Rad1 1/2-1/2

[Event "13th Biel Festival"]
[Site "Biel SUI"]
[Date "1980.07.23"]
[Round "4"]
[White "Toth, Bela"]
[Black "Cuartas Bedoya, Carlos Enrique"]
[Result "0-1"]
[WhiteElo "2390"]
[BlackElo "2420"]
[EventDate "1980.07.19"]
[PlyCount "54"]

1.d4 d5 2.c4 Bf5 3.Nf3 e6 4.Qb3 Nc6 5.Bd2 Rb8 6.e3 Nf6 7.c5 a6 8.Qa4 Nd7 
9.Nc3 e5 10.Nxd5 e4 11.Ng1 Nxc5 12.Nxc7+ Qxc7 13.dxc5 Bxc5 14.Rc1 Qb6 15.
Ne2 O-O 16.Ng3 Bg6 17.Nxe4 Bb4 18.Bxb4 Nxb4 19.Nc3 Rbc8 20.Qb3 Be4 21.Bc4 
Rxc4 22.Qxc4 Nd3+ 23.Kf1 Qxb2 24.Nxe4 Nxc1 25.a4 b5 26.axb5 axb5 27.Nf6+ 
Kh8 0-1

[Event "13th Biel Festival"]
[Site "Biel SUI"]
[Date "1980.07.24"]
[Round "5"]
[White "Cuartas Bedoya, Carlos Enrique"]
[Black "Wirthensohn, Heinz"]
[Result "1/2-1/2"]
[WhiteElo "2420"]
[BlackElo "2425"]
[EventDate "1980.07.19"]
[PlyCount "145"]

1.e4 c5 2.Nf3 e6 3.b3 b6 4.Bb2 Bb7 5.Nc3 d6 6.d4 cxd4 7.Qxd4 a6 8.O-O-O 
Nc6 9.Qe3 Nf6 10.h3 Qc7 11.Kb1 Be7 12.g4 O-O 13.g5 Nd7 14.h4 Rfe8 15.h5 
Bf8 16.g6 fxg6 17.hxg6 h6 18.Ng5 Nd8 19.f4 b5 20.Nh7 Rc8 21.a3 Be7 22.Bh3 
Nf6 23.Ng5 Bf8 24.Rh2 d5 25.e5 Nd7 26.Nf3 b4 27.axb4 Bxb4 28.Na2 Bc5 29.
Qd2 a5 30.f5 exf5 31.Bxf5 Ne6 32.Re1 a4 33.Nc1 a3 34.Ba1 Bf8 35.Ka2 Ndc5 
36.Nd4 Qb6 37.Qf2 Qc7 38.Nb5 Qd7 39.Rf1 Ba6 40.Bxe6+ Rxe6 41.Nd4 Bxf1 42.
Nxe6 Qxe6 43.Qxf1 Qxg6 44.Rg2 Qc6 45.Qf5 Qe6 46.Qf3 Qf7 47.Qd1 Rd8 48.Bd4 
Ne6 49.Ne2 Qf3 50.Rg3 Qf5 51.Rc3 Re8 52.Re3 Nxd4 53.Nxd4 Qf4 54.Re1 Rxe5 
55.Rxe5 Qxe5 56.c3 Qe3 57.Ne2 Qe4 58.b4 h5 59.Kxa3 h4 60.Nd4 Be7 61.Qa4 
Bf6 62.Qd7 Bxd4 63.cxd4 Qf3+ 64.Ka4 h3 65.b5 Qh5 66.Qc8+ Kh7 67.Qc2+ Qg6 
68.Qe2 Kg8 69.Ka5 Qe4 70.Qh5 Qe1+ 71.Ka6 Qe6+ 72.b6 g6 73.Qh6 1/2-1/2

[Event "13th Biel Festival"]
[Site "Biel SUI"]
[Date "1980.07.24"]
[Round "5"]
[White "Liberzon, Vladimir"]
[Black "Gruenfeld, Yehuda"]
[Result "0-1"]
[WhiteElo "2545"]
[BlackElo "2455"]
[EventDate "1980.07.19"]
[PlyCount "56"]

1.e4 c5 2.Nf3 d6 3.d4 cxd4 4.Nxd4 Nf6 5.Nc3 a6 6.Bg5 e6 7.f4 Qb6 8.Qd2 
Qxb2 9.Rb1 Qa3 10.f5 Nc6 11.fxe6 fxe6 12.Nxc6 bxc6 13.e5 dxe5 14.Bxf6 gxf6
15.Ne4 Qxa2 16.Rd1 Be7 17.Be2 O-O 18.O-O f5 19.Qh6 Qxc2 20.Ng5 Bc5+ 21.Kh1
Ra7 22.Bxa6 Bxa6 23.Qxe6+ Rff7 24.Rc1 Qd2 25.Nxf7 Rxf7 26.Rfd1 Qe3 27.Re1 
Qf2 28.Rxe5 Bf1 0-1

[Event "13th Biel Festival"]
[Site "Biel SUI"]
[Date "1980.07.24"]
[Round "5"]
[White "Pachman, Ludek"]
[Black "Hoelzl, Franz"]
[Result "1-0"]
[WhiteElo "2510"]
[BlackElo "2415"]
[EventDate "1980.07.19"]
[PlyCount "79"]

1.c4 Nf6 2.Nc3 d5 3.cxd5 Nxd5 4.Nf3 g6 5.Qa4+ Nc6 6.Ne5 Nb4 7.a3 Bg7 8.
axb4 Bxe5 9.e3 O-O 10.b5 Nb8 11.Be2 c6 12.d4 Bg7 13.O-O cxb5 14.Qxb5 Nc6 
15.d5 a6 16.Qb3 Ne5 17.e4 b5 18.Be3 e6 19.f4 exd5 20.fxe5 d4 21.Rad1 Bxe5 
22.Bf2 Qd6 23.Nd5 f5 24.Bxd4 Bxh2+ 25.Kh1 Be6 26.Qb4 Bxd5 27.Qxd6 Bxd6 28.
exd5 Rfe8 29.Bf3 g5 30.g4 h5 31.gxf5 g4 32.Bg2 h4 33.Rfe1 h3 34.Bf1 Rac8 
35.Re6 Rxe6 36.dxe6 Rc2 37.Bg1 Be7 38.Rd4 Kg7 39.Rxg4+ Kf6 40.Bxh3 1-0

[Event "13th Biel Festival"]
[Site "Biel SUI"]
[Date "1980.07.24"]
[Round "5"]
[White "Sahovic, Dragutin"]
[Black "Toth, Bela"]
[Result "1-0"]
[WhiteElo "2485"]
[BlackElo "2390"]
[EventDate "1980.07.19"]
[PlyCount "81"]

1.d4 Nf6 2.Bg5 Ne4 3.Bf4 c5 4.f3 Qa5+ 5.c3 Nf6 6.d5 d6 7.e4 Nbd7 8.Na3 g6 
9.Nh3 Bg7 10.Be2 O-O 11.Nf2 b5 12.Nxb5 Rb8 13.a4 a6 14.b4 cxb4 15.cxb4 Qb6
16.a5 Qb7 17.Na3 Qxb4+ 18.Bd2 Qc5 19.Nd3 Qa7 20.Nc4 Nh5 21.Rb1 Rxb1 22.
Qxb1 Bd4 23.g4 Nhf6 24.Kf1 Qc7 25.Nb4 Nc5 26.Nc6 Ne6 27.Nb6 Bb7 28.Nxd4 
Nxd4 29.Qc1 Qxc1+ 30.Bxc1 Nb3 31.Bh6 Rb8 32.Kg2 Nxa5 33.Rb1 Ba8 34.Bd2 e6 
35.Bxa5 exd5 36.g5 Nd7 37.exd5 Bxd5 38.Rb4 Be6 39.Nxd7 Rxb4 40.Nf6+ Kg7 
41.Bxb4 1-0

[Event "13th Biel Festival"]
[Site "Biel SUI"]
[Date "1980.07.25"]
[Round "6"]
[White "Cuartas Bedoya, Carlos Enrique"]
[Black "Sahovic, Dragutin"]
[Result "1-0"]
[WhiteElo "2420"]
[BlackElo "2485"]
[EventDate "1980.07.19"]
[PlyCount "85"]

1.e4 b6 2.d4 Bb7 3.Bd3 e6 4.Nf3 c5 5.O-O cxd4 6.Nxd4 d6 7.c4 Nf6 8.Nc3 
Nbd7 9.Qe2 Be7 10.b3 O-O 11.Bb2 Re8 12.Rad1 Bf8 13.f4 e5 14.Nf5 g6 15.fxe5
Nxe5 16.Ng3 a6 17.h3 Bg7 18.Qf2 Bc6 19.Bb1 Qc7 20.Qd2 Rad8 21.Rf2 b5 22.
Rdf1 Qe7 23.cxb5 axb5 24.Nd5 Nxd5 25.exd5 Bd7 26.Ne2 f5 27.Nd4 Rc8 28.Kh1 
Qf7 29.Be4 Qe7 30.Bf3 Qh4 31.Nc6 Nxf3 32.Rxf3 Bxb2 33.Qxb2 Bxc6 34.dxc6 
Rxc6 35.Rf4 Qe7 36.a4 bxa4 37.bxa4 Qe5 38.Qb3+ Qe6 39.Qb5 Rc5 40.Qb6 Qe5 
41.R4f2 Ra8 42.Rd2 Rxa4 43.Qd8+ 1-0

[Event "13th Biel Festival"]
[Site "Biel SUI"]
[Date "1980.07.25"]
[Round "6"]
[White "Gruenfeld, Yehuda"]
[Black "Pachman, Ludek"]
[Result "1-0"]
[WhiteElo "2455"]
[BlackElo "2510"]
[EventDate "1980.07.19"]
[PlyCount "77"]

1.e4 e6 2.d4 d5 3.Nd2 b6 4.Ngf3 Nf6 5.e5 Nfd7 6.c4 Bb7 7.cxd5 Bxd5 8.Bc4 
Bxc4 9.Nxc4 Nc6 10.O-O Nb4 11.Ne3 c6 12.a3 Nd5 13.Nxd5 cxd5 14.Bg5 Be7 15.
Bxe7 Qxe7 16.Qa4 O-O 17.Rfc1 Qd8 18.Qa6 Re8 19.Rc3 Nf8 20.Rac1 Re7 21.h4 
h6 22.h5 Rd7 23.Rc6 Qe7 24.Rc8 Rxc8 25.Qxc8 g6 26.hxg6 fxg6 27.Rc3 Rd8 28.
Qc6 g5 29.Nh2 h5 30.Rg3 Nh7 31.Qc2 Kh8 32.Qg6 h4 33.Rc3 Rf8 34.Rc6 Qf7 35.
Qxf7 Rxf7 36.Rxe6 Rf4 37.Nf3 h3 38.Rd6 hxg2 39.Kxg2 1-0

[Event "13th Biel Festival"]
[Site "Biel SUI"]
[Date "1980.07.26"]
[Round "7"]
[White "Liberzon, Vladimir"]
[Black "Toth, Bela"]
[Result "0-1"]
[WhiteElo "2545"]
[BlackElo "2390"]
[EventDate "1980.07.19"]
[PlyCount "140"]

1.e4 e5 2.Nf3 Nf6 3.Nxe5 d6 4.Nf3 Nxe4 5.d4 d5 6.Bd3 Be7 7.O-O Bf5 8.Re1 
Nc6 9.a3 O-O 10.c4 Re8 11.Bf4 Bf6 12.Nc3 Nxc3 13.Rxe8+ Qxe8 14.bxc3 Bxd3 
15.Qxd3 dxc4 16.Qxc4 Qd7 17.Re1 h6 18.Qb5 b6 19.d5 Ne5 20.Qxd7 Nxd7 21.c4 
Rc8 22.Kf1 Kf8 23.Bd2 a5 24.Rb1 Be7 25.Rb3 c6 26.Be3 cxd5 27.cxd5 Rc2 28.
Nd4 Ra2 29.Nb5 Nc5 30.Rb1 Ne4 31.Rc1 Bc5 32.Bxc5+ Nxc5 33.d6 Rb2 34.a4 Ke8
35.Re1+ Ne6 36.f4 g6 37.g4 Rb4 38.Nc7+ Kd7 39.Nd5 Rd4 40.Nxb6+ Kxd6 41.f5 
gxf5 42.gxf5 Nc5 43.Rc1 Nb3 44.Nc8+ Ke5 45.Rc7 Rxa4 46.Rxf7 Rf4+ 47.Kg2 
Rxf5 48.Ra7 Kf4 49.Nb6 Rb5 50.Nc4 Rc5 51.Rf7+ Kg5 52.Nb6 Rb5 53.Na4 Nc5 
54.Nxc5 Rxc5 55.Rd7 Kf4 56.Rd6 h5 57.Kh3 Ke5 58.Rb6 Kd4 59.Kh4 Kc3 60.Ra6 
Kb4 61.Rb6+ Rb5 62.Rf6 a4 63.Rf4+ Kb3 64.Rf3+ Ka2 65.Rf2+ Rb2 66.Rf4 a3 
67.h3 Rb5 68.Rf2+ Kb3 69.Rf3+ Ka4 70.Rf2 Rc5 0-1

[Event "13th Biel Festival"]
[Site "Biel SUI"]
[Date "1980.07.26"]
[Round "7"]
[White "Pachman, Ludek"]
[Black "Shamkovich, Leonid"]
[Result "1/2-1/2"]
[WhiteElo "2510"]
[BlackElo "2515"]
[EventDate "1980.07.19"]
[PlyCount "131"]

1.Nf3 Nf6 2.c4 g6 3.g3 Bg7 4.Bg2 O-O 5.O-O c6 6.b3 Ne4 7.d4 d5 8.Bb2 Be6 
9.Nc3 Nxc3 10.Bxc3 dxc4 11.Ng5 Bg4 12.h3 e5 13.Ne4 exd4 14.Bb4 Be6 15.Bxf8
Qxf8 16.Ng5 c3 17.e3 dxe3 18.Nxe6 fxe6 19.Qg4 Qe7 20.Rae1 exf2+ 21.Rxf2 
Nd7 22.Rfe2 Nf8 23.h4 Rd8 24.Kh2 Rd4 25.Be4 Nd7 26.Rc2 Nf6 27.Qf3 Qb4 28.
Rce2 Nxe4 29.Rxe4 Rxe4 30.Rxe4 Qd6 31.Re2 h5 32.Qe3 b6 33.Qxe6+ Qxe6 34.
Rxe6 c5 35.Re2 Bh6 36.Rc2 Bd2 37.Kg2 Kf7 38.Kf3 Ke6 39.Ke4 b5 40.a3 a5 41.
Ra2 Be1 42.Rg2 c4 43.bxc4 bxc4 44.Rc2 Kf6 45.Rc1 Bd2 46.Rc2 g5 47.hxg5+ 
Kxg5 48.Kf3 Kf5 49.a4 Ke5 50.Ke2 Kd4 51.Ra2 Be3 52.Kd1 Kd3 53.Rc2 Bg5 54.
Ra2 Bd2 55.Rc2 Be1 56.g4 h4 57.Rh2 Bg3 58.Rh3 Ke4 59.Kc2 Kf4 60.Kxc3 Kxg4 
61.Rh1 h3 62.Kxc4 Bf4 63.Kb5 Bd2 64.Rh2 Bb4 65.Rb2 Kh4 66.Ka6 1/2-1/2

[Event "13th Biel Festival"]
[Site "Biel SUI"]
[Date "1980.07.26"]
[Round "7"]
[White "Sahovic, Dragutin"]
[Black "Wirthensohn, Heinz"]
[Result "1-0"]
[WhiteElo "2485"]
[BlackElo "2425"]
[EventDate "1980.07.19"]
[PlyCount "91"]

1.d4 Nf6 2.Nc3 d5 3.Bg5 Nbd7 4.f3 h6 5.Bh4 c5 6.e4 cxd4 7.Qxd4 e5 8.Qa4 d4
9.Bxf6 gxf6 10.Nd5 Bc5 11.f4 O-O 12.O-O-O Nb6 13.Nxb6 Qxb6 14.fxe5 fxe5 
15.Nf3 Bg4 16.Bc4 Bxf3 17.gxf3 Qf6 18.Qd7 Rab8 19.Rhg1+ Kh8 20.Rg3 a6 21.
Qh3 b5 22.Bd3 Qf4+ 23.Kb1 Rg8 24.Rg4 Rxg4 25.fxg4 Qg5 26.Rf1 f6 27.Rf5 Qg7
28.Qf3 Rf8 29.Be2 Qe7 30.h4 Bb4 31.Qg2 Qg7 32.a3 Be7 33.Qf3 Rc8 34.g5 Rf8 
35.gxh6 Qg1+ 36.Bf1 Qe3 37.Qh5 Qg1 38.Rf3 a5 39.Qf5 Rg8 40.Qd7 Qg4 41.Rf5 
Bd8 42.h7 Rf8 43.Bxb5 Qxh4 44.Qd6 Qh6 45.Rh5 Qg7 46.Bc4 1-0

[Event "13th Biel Festival"]
[Site "Biel SUI"]
[Date "1980.07.27"]
[Round "8"]
[White "Toth, Bela"]
[Black "Pachman, Ludek"]
[Result "1/2-1/2"]
[WhiteElo "2390"]
[BlackElo "2510"]
[EventDate "1980.07.19"]
[PlyCount "140"]

1.d4 Nf6 2.c4 e6 3.Nf3 Bb4+ 4.Bd2 Qe7 5.g3 Nc6 6.Bg2 Bxd2+ 7.Nbxd2 O-O 8.
O-O d6 9.e4 a5 10.d5 Ne5 11.Nxe5 dxe5 12.Qc2 Rd8 13.Rac1 Bd7 14.Rfe1 c6 
15.Nf3 exd5 16.exd5 e4 17.dxc6 Bxc6 18.Nd2 Rd4 19.Nb3 Rd7 20.Qc3 Qd8 21.
Nc5 Rd4 22.Qc2 Rd2 23.Qc3 Rd4 24.Re2 b6 25.Nb3 Rd1+ 26.Rxd1 Qxd1+ 27.Re1 
Qd7 28.c5 a4 29.Nd4 bxc5 30.Qxc5 Bd5 31.a3 h6 32.Ne2 Rc8 33.Qa5 Bc6 34.Qb4
e3 35.fxe3 Bxg2 36.Kxg2 Nd5 37.Qd4 Rc4 38.Qd3 Qb7 39.Kg1 Rc8 40.Qe4 Qb5 
41.Nd4 Qd7 42.Rd1 Re8 43.Qf5 Qb7 44.Nc2 Nf6 45.Nb4 Qb6 46.Qd3 Rxe3 47.Qd8+
Qxd8 48.Rxd8+ Kh7 49.Rd2 Ne4 50.Rc2 f5 51.Kg2 g5 52.Nd5 Rb3 53.Re2 Rb5 54.
Ne7 Nd6 55.Rc2 Kg7 56.Nc6 Rb3 57.Nd4 Rd3 58.Ne6+ Kf6 59.Nc5 Rd4 60.Kf3 Nc4
61.Ke2 Ne5 62.Rc3 f4 63.gxf4 gxf4 64.b3 axb3 65.Nxb3 Re4+ 66.Kf2 f3 67.Kf1
Rh4 68.Nd2 Rxh2 69.Nxf3 Nxf3 70.Rxf3+ Ke5 1/2-1/2

[Event "13th Biel Festival"]
[Site "Biel SUI"]
[Date "1980.07.27"]
[Round "8"]
[White "Wirthensohn, Heinz"]
[Black "Hoelzl, Franz"]
[Result "1/2-1/2"]
[WhiteElo "2425"]
[BlackElo "2415"]
[EventDate "1980.07.19"]
[PlyCount "87"]

1.Nf3 f5 2.d4 g6 3.g3 Bg7 4.Bg2 Nf6 5.O-O O-O 6.b3 c6 7.Bb2 Ne4 8.c4 d5 9.
Nbd2 Be6 10.e3 Kh8 11.Nxe4 fxe4 12.Ng5 Bg8 13.h4 Na6 14.cxd5 cxd5 15.Qd2 
Nc7 16.Rac1 h6 17.Nh3 Ne6 18.Nf4 Nxf4 19.exf4 Be6 20.f3 exf3 21.Bxf3 Qd6 
22.Bg2 Rf7 23.Qd3 Rg8 24.Qb5 g5 25.hxg5 hxg5 26.f5 Bxf5 27.Qxd5 Qg6 28.g4 
Be6 29.Qe4 Qxe4 30.Bxe4 Rxf1+ 31.Rxf1 Rd8 32.Kh2 Kg8 33.Bf5 Bxf5 34.Rxf5 
e6 35.Rxg5 Rc8 36.Ba3 Rc2+ 37.Kg3 Rxa2 38.Bd6 Kh7 39.Rb5 b6 40.Be5 Bf8 41.
Bb8 Kg6 42.Kf3 Be7 43.Ke4 Bg5 44.d5 1/2-1/2

[Event "13th Biel Festival"]
[Site "Biel SUI"]
[Date "1980.07.29"]
[Round "9"]
[White "Hoelzl, Franz"]
[Black "Gruenfeld, Yehuda"]
[Result "0-1"]
[WhiteElo "2415"]
[BlackElo "2455"]
[EventDate "1980.07.19"]
[PlyCount "110"]

1.c4 Nf6 2.Nc3 e6 3.e4 c5 4.e5 Ng8 5.Nf3 Nc6 6.d4 cxd4 7.Nxd4 Nxe5 8.Ndb5 
a6 9.Nd6+ Bxd6 10.Qxd6 f6 11.Be3 Ne7 12.Bb6 Nf5 13.Bxd8 Nxd6 14.Bc7 Ke7 
15.c5 Ne8 16.Bb6 d5 17.cxd6+ Nxd6 18.Bc5 Nf7 19.Rd1 Rd8 20.Bd3 f5 21.O-O 
Kf6 22.f4 b5 23.Bd4+ Ke7 24.Bxg7 Ne8 25.Be5 Nxe5 26.fxe5 Bb7 27.Rf4 Ng7 
28.a4 bxa4 29.Rxa4 a5 30.Kf2 Bc6 31.Rc4 Be8 32.Be2 Rdb8 33.Rc7+ Kf8 34.Rd2
a4 35.Bc4 Ra5 36.Kf3 Rxe5 37.Kf4 Ra5 38.Kg5 h6+ 39.Kxh6 f4 40.Be2 Nf5+ 41.
Kg5 Rb4 42.Bb5 Nd4 43.Kf6 Nxb5 44.Rh7 Kg8 45.Rg7+ Kf8 46.Rh7 Kg8 47.Rg7+ 
Kh8 48.Rd8 Nd6 49.Rgd7 f3 50.gxf3 Rf4+ 51.Kxe6 Nf7 52.Rxe8+ Kg7 53.Rd3 
Rf6+ 54.Ke7 Ne5 55.Rd2 Ra7+ 0-1

[Event "13th Biel Festival"]
[Site "Biel SUI"]
[Date "1980.07.29"]
[Round "9"]
[White "Liberzon, Vladimir"]
[Black "Sahovic, Dragutin"]
[Result "1/2-1/2"]
[WhiteElo "2545"]
[BlackElo "2485"]
[EventDate "1980.07.19"]
[PlyCount "66"]

1.e4 e6 2.d4 d5 3.Nc3 Bb4 4.e5 b6 5.Bd2 Qd7 6.Nf3 Ne7 7.Nb5 Bxd2+ 8.Qxd2 
a6 9.Na3 c5 10.c3 Nbc6 11.Nc2 f6 12.exf6 gxf6 13.Qh6 Ng6 14.Bd3 Qf7 15.
O-O-O c4 16.Bxg6 Qxg6 17.Qf4 Bd7 18.Rhe1 O-O-O 19.g3 h5 20.Nh4 Qg7 21.Qe3 
b5 22.f4 Rde8 23.Qf3 f5 24.Nb4 Nb8 25.Qe3 a5 26.Nc2 Nc6 27.a3 Kc7 28.Kd2 
Nd8 29.Qe5+ Qxe5 30.dxe5 Nb7 31.Ke3 Nc5 32.Nd4 Rb8 33.Ra1 Ra8 1/2-1/2

[Event "13th Biel Festival"]
[Site "Biel SUI"]
[Date "1980.07.29"]
[Round "9"]
[White "Pachman, Ludek"]
[Black "Cuartas Bedoya, Carlos Enrique"]
[Result "1/2-1/2"]
[WhiteElo "2510"]
[BlackElo "2420"]
[EventDate "1980.07.19"]
[PlyCount "88"]

1.Nf3 d5 2.c4 d4 3.d3 c5 4.g3 Nc6 5.Bg2 e5 6.O-O Be7 7.e3 Nf6 8.exd4 exd4 
9.Re1 O-O 10.a3 Bf5 11.Bg5 h6 12.Bxf6 Bxf6 13.Qc2 Qc7 14.Nbd2 Rfe8 15.Rab1
a5 16.h4 Qd7 17.Rxe8+ Rxe8 18.Re1 Bd8 19.Rxe8+ Qxe8 20.Ne4 Qe7 21.Kf1 Bc7 
22.Qe2 Kf8 23.Ned2 a4 24.Qxe7+ Kxe7 25.Ke2 Na5 26.Ne1 Bd7 27.Bd5 f5 28.f4 
g5 29.hxg5 hxg5 30.Ng2 Kf6 31.Nf3 gxf4 32.Nxf4 Bd6 33.Nh5+ Ke7 34.Nf4 Nc6 
35.Kd2 b6 36.Ke2 Ne5 37.Nxe5 Bxe5 38.Ng6+ Kd6 39.Nxe5 Kxe5 40.Bf3 Kf6 41.
Kd2 Kg5 42.Bd1 Be8 43.Ke1 Bc6 44.Be2 b5 1/2-1/2

[Event "13th Biel Festival"]
[Site "Biel SUI"]
[Date "1980.07.30"]
[Round "10"]
[White "Sahovic, Dragutin"]
[Black "Pachman, Ludek"]
[Result "1/2-1/2"]
[WhiteElo "2485"]
[BlackElo "2510"]
[EventDate "1980.07.19"]
[PlyCount "27"]

1.d4 Nf6 2.Bg5 d5 3.Bxf6 exf6 4.e3 Be7 5.c4 dxc4 6.Bxc4 O-O 7.Nc3 f5 8.Nf3
Nd7 9.O-O g6 10.Rc1 a6 11.a3 Bd6 12.Re1 Nf6 13.b4 Be7 14.Qb3 1/2-1/2

[Event "13th Biel Festival"]
[Site "Biel SUI"]
[Date "1980.07.31"]
[Round "11"]
[White "Hoelzl, Franz"]
[Black "Toth, Bela"]
[Result "0-1"]
[WhiteElo "2415"]
[BlackElo "2390"]
[EventDate "1980.07.19"]
[PlyCount "88"]

1.c4 e5 2.Nc3 Nf6 3.Nf3 Nc6 4.g3 d5 5.cxd5 Nxd5 6.Bg2 Nb6 7.O-O Be7 8.a3 
f5 9.d3 O-O 10.b4 Be6 11.Be3 Bf6 12.Rc1 Nd4 13.Bxd4 exd4 14.Na4 Bf7 15.Nc5
Rb8 16.e3 dxe3 17.fxe3 Bb2 18.Rb1 Bxa3 19.Nd4 a5 20.Nce6 Qe7 21.bxa5 Bxe6 
22.axb6 cxb6 23.Rxb6 Bd7 24.Bd5+ Kh8 25.Qf3 Bc5 26.Rxb7 Rxb7 27.Bxb7 Re8 
28.Kg2 Qxe3 29.Qxe3 Rxe3 30.Nxf5 Rxd3 31.Nh4 Rd2+ 32.Kh1 g5 33.Nf3 Rb2 34.
Be4 Bh3 35.Rg1 Bxg1 36.Nxg1 Bf1 37.Bf3 g4 38.Be4 Kg7 39.h3 Bxh3 40.Nxh3 
gxh3 41.Bf5 Rg2 42.Bxh3 Rxg3 43.Kh2 Rb3 44.Bf5 h6 0-1